[Event "Défi"]
[Site "www.echecsemail.com"]
[Date "2026.01.05"]
[Round "1"]
[White "Beru"]
[Black "Snarf"]
[WhiteElo "1690"]
[BlackElo "1720"]
[Result "0-1"]
1.e4 e5
2.Ng1f3 Nb8c6
3.Bf1b5 Ng8e7
4.Nb1c3 a6
5.Bb5c4 h6
6.O-O d6
7.d4 Bc8g4
8.Bc4e2 Bg4xf3
9.Be2xf3 Nc6xd4
10.Nc3d5 Ne7xd5
11.exd5 Qd8f6
12.Bf3g4 Qf6g6
13.Qd1d3 Qg6xg4
{ abandon }0-1

[Event "Eq:Les Gens du Sud-au plaisir du jeux  :"]
[Site "www.echecsemail.com"]
[Date "2026.01.05"]
[Round "1"]
[White "Harrypotter"]
[Black "Mequinho"]
[WhiteElo "1290"]
[BlackElo "1910"]
[Result "0-1"]
1.e4 b6
2.d4 Bc8b7
3.f3 e6
4.Nb1c3 Bf8e7
5.Bc1e3 Ng8f6
6.Bf1c4 O-O
7.Qd1d2 d6
8.Ng1e2 Nb8d7
9.O-O c5
10.d5 e5
 { temps }0-1

[Event "TRISTAN DA CUNHA"]
[Site "www.echecsemail.com"]
[Date "2026.01.05"]
[Round "1"]
[White "Petitlulu64"]
[Black "Casisimed"]
[WhiteElo "1750"]
[BlackElo "1640"]
[Result "1-0"]
1.e4 e5
2.Ng1f3 Nb8c6
3.Nb1c3 Ng8f6
4.Bf1c4 Bf8b4
5.O-O Bb4xc3
6.bxc3 O-O
7.Bc4d5 Nf6xd5
8.exd5 Nc6e7
9.c4 d6
10.Bc1a3 Bc8g4
11.Qd1e2 Ne7f5
12.Qe2e4 Bg4xf3
13.Qe4xf3 Nf5d4
14.Qf3d3 Qd8g5
15.Ra1e1 f5
16.c3 f4
17.f3 Nd4f5
18.c5 Nf5h4
19.Rf1f2 Ra8e8
20.cxd6 cxd6
21.Ba3xd6 Rf8f6
22.Bd6a3 Rf6g6
23.Re1e2 Re8d8
24.d6 Nh4f5
25.Re2xe5 Qg5h5
26.d7 Qh5g5
27.Re5e8 Kf7
28.Qd3c4 Kf6
29.Qc4e6 1-0

[Event "Défi( 10J+24H/c 10J Max )"]
[Site "www.echecsemail.com"]
[Date "2026.01.05"]
[Round "1"]
[White "Poison"]
[Black "Minon"]
[WhiteElo "1100"]
[BlackElo "1930"]
[Result "0-1"]
1.e4 e5
2.Ng1f3 Nb8c6
3.Nb1c3 Ng8f6
4.Bf1b5 Nc6e7
5.Bb5d3 c6
6.Nf3xe5 d5
7.Bd3e2 d4
8.Nc3a4 Nf6d7
9.Ne5xd7 Qd8xd7
10.Na4c5 Qd7d6
11.Nc5d3 f6
12.c3 Bc8e6
13.Nd3b4 a5
14.Nb4d3 c5
15.b3 Ne7c6
16.c4 Nc6b4
17.Nd3xb4 axb4
18.a4 Bf8e7
19.Be2g4 O-O-O
20.Bc1b2 g6
21.Bg4xe6 Qd6xe6
22.f3 f5
23.O-O fxe4
24.fxe4 Qe6e5
25.Qd1e1 Be7d6
26.d3 Qe5xh2
27.Kf2 Bd6g3
28.Ke2 Bg3xe1
29.Rf1xe1 Qh2xg2
30.Kd1 Qg2xb2
31.Ra1c1 Qb2xb3
32.Kd2 Rh8f8
33.a5 Rf8f2
34.Re1e2 Rf2xe2
35.Kxe2 Qb3b2
36.Kd1 Qb2xc1
37.Kxc1 Rd8f8
38.Kb2 g5
39.Kb3 g4
40.Ka4 g3
41.Kb5 g2
42.Kxc5 g1Q
43.Kxb4 Qg1b1
44.Kc5 Qb1xd3
45.e5 Rf8f5
46.Kb5 Rf5xe5
47.Kb4 Qd3c3
48.Ka4 Re5xa5
0-1

[Event "Noël 2025 n2"]
[Site "www.echecsemail.com"]
[Date "2026.01.05"]
[Round "1"]
[White "Eldiablo90"]
[Black "Luc20"]
[WhiteElo "2790"]
[BlackElo "1870"]
[Result "1-0"]
1.e4 e6
2.d4 d5
3.Nb1c3 c6
4.Bf1d3 Bf8b4
5.e5 Ng8e7
6.Qd1g4 Ne7g6
7.h4 h5
8.Qg4g3 Qd8e7
9.Bd3xg6 fxg6
10.Qg3xg6 Qe7f7
11.Qg6xf7 Kxf7
12.Rh1h3 Nb8a6
13.Rh3f3 Kg6
14.a3 Bb4e7
15.Rf3g3 Kh7
16.Bc1g5 Be7f8
17.Nc3e2 Na6c7
18.Ne2f4 g6
19.Ng1h3 Rh8g8
20.Bg5d8 Nc7e8
21.Nh3g5 Kh6
22.Rg3f3 Ne8g7
23.Ng5f7 Kh7
24.Nf4h3 Ng7f5
25.Nh3g5 Kg7
26.Bd8f6 1-0

[Event "Tournoi n27340"]
[Site "www.echecsemail.com"]
[Date "2026.01.05"]
[Round "1"]
[White "Verson"]
[Black "Nico"]
[WhiteElo "1900"]
[BlackElo "2010"]
[Result "1/2-1/2"]
1.d4 d5
2.Ng1f3 Nb8c6
3.e3 Bc8g4
4.c3 a6
5.Nb1d2 Ng8f6
6.h3 Bg4xf3
7.Nd2xf3 h6
8.Bf1d3 e6
9.O-O Bf8d6
10.Qd1e2 O-O
11.e4 dxe4
12.Bd3xe4 Nf6xe4
13.Qe2xe4 Qd8f6
14.Rf1e1 Ra8b8
15.Bc1e3 Nc6e7
16.Nf3e5 Bd6xe5
17.dxe5 Qf6f5
18.Qe4xf5 Ne7xf5
19.Ra1d1 Rb8d8
20.Be3f4 c6
21.Kf1 b5
22.Ke2 Rd8d5
23.Rd1xd5 cxd5
24.Re1d1 Rf8d8
25.g4 Nf5e7
26.Bf4g3 Rd8d7
27.Ke3 g5
28.f4 Kg7
29.Rd1f1 Kg6
30.h4 gxh4
31.Bg3xh4 Kh7
{ nul }1/2-1/2

[Event "Défi"]
[Site "www.echecsemail.com"]
[Date "2026.01.05"]
[Round "1"]
[White "Wenoketo"]
[Black "Voyageur"]
[WhiteElo "1660"]
[BlackElo "1510"]
[Result "0-1"]
1.d4 g6
2.Ng1f3 b6
3.Bc1f4 Bf8g7
4.e3 c5
5.dxc5 Bg7xb2
6.Nb1d2 Bb2xa1
7.Qd1xa1 Ng8f6
8.cxb6 axb6
9.Bf1b5 O-O
10.Bf4h6 Rf8e8
11.h3 Bc8b7
12.Bb5c4 d5
13.Bc4b3 e6
14.O-O Nb8d7
15.Bh6g5 Kg7
16.Nf3e5 Nd7xe5
17.Qa1xe5 h6
18.Bg5xf6 Qd8xf6
19.Qe5xf6 Kxf6
20.f3 Kg7
21.Rf1d1 Re8c8
22.Nd2f1 b5
23.Nf1g3 Bb7a6
24.Ng3e2 f5
25.Ne2d4 Kf6
26.f4 Rc8c3
27.Kf2 Ra8c8
28.Nd4e2 Rc3xc2
29.Bb3xc2 Rc8xc2
30.Ke1 Rc2xa2
{ abandon }0-1

[Event "Défi( 10J+24H/c 10J Max )"]
[Site "www.echecsemail.com"]
[Date "2026.01.05"]
[Round "1"]
[White "Tunnellavage"]
[Black "Geantvert"]
[WhiteElo "1770"]
[BlackElo "1870"]
[Result "1/2-1/2"]
1.e4 c5
2.Ng1f3 Nb8c6
3.Bf1c4 e6
4.Nb1c3 g6
5.d3 Bf8g7
6.Bc1f4 Ng8e7
7.O-O d5
8.exd5 exd5
9.Bc4b5 a6
10.Bb5xc6 Ne7xc6
11.Rf1e1 Bc8e6
12.Bf4g5 Qd8d6
13.h3 O-O
14.Nc3e2 b5
15.c3 c4
16.d4 h6
17.Bg5f4 Qd6d7
18.a3 Nc6e7
19.Nf3e5 Qd7d8
20.Qd1d2 Kh7
21.Qd2e3 Rf8e8
22.Qe3f3 f6
23.Ne5g4 Ne7f5
24.Ne2g3 Nf5xg3
25.Qf3xg3 h5
26.Ng4h2 g5
27.Bf4d2 Kg6
28.f4 Bg7h6
29.h4 g4
30.f5 Be6xf5
31.Bd2xh6 Kxh6
32.Qg3f4 Kg6
33.Re1f1 Qd8d7
34.Nh2xg4 hxg4
35.h5 Kxh5
36.Qf4xf5 Qd7xf5
37.Rf1xf5 Kg6
38.Rf5xd5 Re8e2
39.Ra1b1 Ra8e8
40.Rd5d6 Re8e6
41.Rd6xe6 Re2xe6
42.Rb1d1 Kf5
43.Kf2 Kf4
44.Rd1e1 Re6xe1
45.Kxe1 f5
46.Ke2 Ke4
47.Kf2 f4
48.Ke2 a5
49.Kf2 b4
50.axb4 axb4
51.Ke2 bxc3
52.bxc3 Kd5
53.Kf2 Ke4
54.Ke2 Kd5
{ nul }1/2-1/2

[Event "Défi( 10J+24H/c 10J Max )"]
[Site "www.echecsemail.com"]
[Date "2026.01.05"]
[Round "1"]
[White "Snarf"]
[Black "Tunnellavage"]
[WhiteElo "1740"]
[BlackElo "1760"]
[Result "1-0"]
1.e4 e5
2.Ng1f3 Nb8c6
3.Bf1b5 Bf8c5
4.Bb5xc6 dxc6
5.h3 Ng8f6
6.d3 Qd8e7
7.Bc1g5 h6
8.Bg5h4 Bc8d7
9.Nb1d2 O-O-O
10.Nd2c4 Bc5d6
11.O-O g5
12.Bh4g3 g4
13.Nf3xe5 gxh3
14.f4 hxg2
15.Kxg2 Rd8g8
16.f5 h5
17.Kf2 h4
18.Bg3f4 h3
19.Rf1h1 Rg8g2
20.Kf1 Rh8g8
21.Qd1f3 Bd6c5
22.Bf4e3 Bc5xe3
23.Qf3xe3 h2
24.Ne5f3 Kb8
25.Nf3xh2 Rg2xc2
26.Nh2f3 Rg8g2
27.Nf3d2 Rg2g8
28.Qe3f3 b5
29.Qf3d1 bxc4
30.Qd1xc2 cxd3
31.Qc2xd3 Qe7e5
32.Qd3b3 Ka8
33.Rh1h4 Qe5d4
34.Nd2f3 { abandon }1-0

[Event "Défi"]
[Site "www.echecsemail.com"]
[Date "2026.01.05"]
[Round "1"]
[White "Vvvv"]
[Black "Luz"]
[WhiteElo "1770"]
[BlackElo "1740"]
[Result "0-1"]
1.e4 e5
2.Ng1f3 Nb8c6
3.Bf1c4 Qd8f6
4.d4 exd4
5.Bc1g5 Qf6g6
6.O-O Bf8e7
7.Qd1d2 d6
8.Rf1e1 Nc6e5
9.Bc4xf7 Ne5xf7
10.Bg5xe7 Ng8xe7
11.Nf3h4 Qg6f6
12.Nh4f5 O-O
13.Nf5xd4 Nf7e5
14.Re1e2 Bc8d7
15.Nb1c3 c6
16.Re2e3 Ne5c4
{ abandon }0-1

[Event "Défi( 10J+24H/c 10J Max )"]
[Site "www.echecsemail.com"]
[Date "2026.01.05"]
[Round "1"]
[White "Snarf"]
[Black "Tunnellavage"]
[WhiteElo "1730"]
[BlackElo "1800"]
[Result "1-0"]
1.e4 e5
2.Ng1f3 Nb8c6
3.Bf1b5 Ng8f6
4.d3 d6
5.g3 Bf8e7
6.h3 h6
7.Bc1e3 a6
8.Bb5a4 b5
9.Ba4b3 Bc8b7
10.a3 Qd8d7
11.Nb1d2 O-O-O
12.Bb3xf7 Rh8f8
13.Bf7g6 d5
14.Bg6f5 { abandon }1-0

[Event "Défi"]
[Site "www.echecsemail.com"]
[Date "2026.01.05"]
[Round "1"]
[White "Kaspy"]
[Black "Arno"]
[WhiteElo "1800"]
[BlackElo "1730"]
[Result "1/2-1/2"]
1.e4 c5
2.Bf1c4 g6
3.Ng1f3 Bf8g7
4.Nb1c3 Nb8c6
5.a3 d6
6.h3 Ng8f6
7.d3 O-O
8.O-O Nf6d7
9.Bc1d2 a6
10.Qd1c1 Nd7e5
11.Nf3xe5 Nc6xe5
12.Bc4a2 e6
13.Bd2h6 b5
14.Nc3e2 Bc8b7
15.Bh6xg7 Kxg7
16.f4 Ne5c6
17.f5 Qd8b6
18.f6 Kh8
19.c3 c4
20.d4 e5
21.Kh1 Ra8b8
22.Qc1h6 Rf8g8
23.Ra1d1 Qb6d8
24.b3 cxb3
25.Ba2xb3 Qd8f8
26.Qh6xf8 Rg8xf8
27.dxe5 dxe5
28.Rd1d7 Nc6a5
29.Bb3xf7 Na5c4
30.Bf7xc4 bxc4
31.Ne2g3 Bb7c6
32.Rd7e7 Rb8b3
33.Re7c7 Rb3xc3
34.Rc7xc6 Rc3xg3
35.Rc6xc4 Rg3xa3
36.Rc4c7 Ra3a4
37.Rc7e7 Ra4xe4
38.Re7e6 a5
39.f7 Kg7
40.Re6a6 Rf8xf7
41.Rf1xf7 Kxf7
42.Ra6xa5 Kf6
43.Kg1 h5
44.Kf2 Kf5
45.Kf3 g5
46.Ra5a8 Re4f4
47.Ke3 Rf4e4
48.Kf3 g4
49.hxg4 hxg4
50.Kg3 Re4e3
51.Kf2 Re3c3
52.Ra8f8 Ke4
53.Rf8g8 g3
54.Rg8xg3 Rc3xg3
55.Kxg3 Kd3
56.Kf2 Ke4
57.g3 Kd3
58.g4 e4
59.Ke1 Kd4
60.Ke2 e3
61.g5 Ke5
62.Kxe3 Kf5
63.g6 Kxg6
1/2-1/2

[Event "Tournoi n27337"]
[Site "www.echecsemail.com"]
[Date "2026.01.05"]
[Round "1"]
[White "Kiki37"]
[Black "Smaug"]
[WhiteElo "1350"]
[BlackElo "1410"]
[Result "1-0"]
1.e4 c6
2.Ng1f3 d5
3.exd5 cxd5
4.d4 Nb8c6
5.Bf1b5 Bc8d7
6.O-O Ng8f6
7.h3 h6
8.Nb1c3 e6
9.Bb5xc6 Bd7xc6
10.Nf3e5 Bf8d6
11.a4 a6
12.b3 Nf6e4
13.Nc3xe4 dxe4
14.Ne5xc6 bxc6
15.c4 Qd8c7
16.c5 Bd6e7
17.b4 Ra8d8
18.f4 f5
19.Qd1h5 Kd7
20.Rf1e1 Kc8
21.a5 Rd8xd4
22.Ra1b1 Rd4d3
23.Bc1e3 Be7f6
24.Qh5g6 Rh8d8
25.g4 Kb7
26.g5 hxg5
27.fxg5 Bf6e5
28.Qg6xe6 Be5h2
29.Kh1 Qc7g3
30.Qe6xf5 Qg3g2
31.Kxg2 { abandon }1-0

[Event "Marmotte chess  3"]
[Site "www.echecsemail.com"]
[Date "2026.01.05"]
[Round "1"]
[White "Daimyo"]
[Black "Qsdmlk"]
[WhiteElo "1390"]
[BlackElo "1560"]
[Result "1-0"]
1.e4 e5
2.Ng1f3 Nb8c6
3.c3 Ng8f6
4.d3 Bf8c5
5.Bf1e2 O-O
6.O-O d6
7.Bc1g5 h6
8.Bg5h4 g5
9.Bh4g3 Nc6e7
10.Nb1d2 Nf6g4
11.h3 Ng4f6
12.d4 exd4
13.cxd4 Bc5b6
14.Nd2c4 Nf6xe4
15.Nc4xb6 cxb6
16.Qd1c2 Ne4xg3
17.fxg3 Ne7d5
18.Be2d3 f5
19.Bd3c4 Bc8e6
20.Rf1e1 Qd8c7
21.Re1xe6 a6
22.Re6xh6 Kg7
23.Rh6e6 b5
24.Qc2d3 bxc4
25.Qd3d2 Qc7d7
26.Qd2xg5 Kf7
27.Qg5g6 1-0

[Event "Tournoi n27359"]
[Site "www.echecsemail.com"]
[Date "2026.01.05"]
[Round "1"]
[White "Verson"]
[Black "Zadkine1"]
[WhiteElo "1890"]
[BlackElo "1740"]
[Result "1-0"]
1.d4 d5
2.Ng1f3 Nb8c6
3.e3 a6
4.c3 b5
5.Bf1d3 Ng8f6
6.Nb1d2 Bc8g4
7.h3 Bg4xf3
8.Nd2xf3 e6
9.Qd1c2 Bf8d6
10.O-O O-O
11.e4 dxe4
12.Bd3xe4 Qd8d7
13.Be4d3 e5
14.Bc1g5 Bd6e7
15.dxe5 Nf6d5
16.Bd3xh7 Kh8
17.Bh7f5 Qd7d8
18.Qc2d2 f6
19.exf6 Be7xf6
20.Bf5c2 Nc6e7
21.Qd2d3 Kg8
22.Qd3h7 Kf7
23.Rf1e1 Rf8h8
24.Qh7e4 a5
25.Ra1d1 Ra8a6
26.Bg5xf6 Ra6xf6
27.Bc2b3 Rh8h5
28.Nf3e5 Kf8
29.Bb3xd5 Ne7xd5
30.Rd1xd5 Qd8c8
31.Ne5g4 Rf6f7
32.Rd5xh5 { abandon }1-0

[Event "Défi"]
[Site "www.echecsemail.com"]
[Date "2026.01.05"]
[Round "1"]
[White "Superman"]
[Black "Verson"]
[WhiteElo "1790"]
[BlackElo "1860"]
[Result "1-0"]
1.e4 e6
2.d4 d5
3.e5 c5
4.c3 Nb8c6
5.Bf1b5 Bc8d7
6.Ng1f3 Nc6xe5
7.Bb5xd7 Ne5xd7
8.Bc1e3 Ng8f6
9.O-O Bf8d6
10.Nb1d2 O-O
11.Rf1e1 Ra8c8
12.Nd2f1 b6
13.Be3g5 h6
14.Bg5h4 Qd8c7
15.Bh4g3 Nf6e4
16.Bg3xd6 Qc7c6
17.Bd6xf8 Rc8xf8
18.Nf1d2 Nd7f6
19.Qd1c2 Rf8c8
20.Nf3e5 cxd4
21.Ne5xc6 Rc8xc6
22.Nd2xe4 Nf6xe4
23.Re1xe4 { abandon }1-0

[Event "VIC LA GARDIOLE"]
[Site "www.echecsemail.com"]
[Date "2026.01.05"]
[Round "1"]
[White "Orosco"]
[Black "Patau"]
[WhiteElo "2280"]
[BlackElo "1660"]
[Result "1/2-1/2"]
1.e4 e5
2.Ng1f3 Nb8c6
3.Nb1c3 Ng8f6
4.d4 exd4
5.Nf3xd4 Bf8b4
6.Nd4xc6 bxc6
7.Bc1d2 Bb4xc3
8.Bd2xc3 d6
9.Bf1d3 O-O
10.O-O Bc8g4
11.f3 Bg4e6
12.a4 d5
13.Bc3xf6 Qd8xf6
14.c3 Rf8e8
15.Qd1c2 Ra8d8
16.exd5 Be6xd5
17.Bd3xh7 Kh8
18.Bh7d3 Re8e3
19.Rf1e1 Rd8e8
20.Re1xe3 Re8xe3
21.Ra1f1 Qf6e5
22.a5 Re3e1
23.Qc2f2 Re1xf1
24.Bd3xf1 a6
25.Bf1xa6 Qe5d6
26.c4 Bd5e6
27.c5 Qd6d1
28.Ba6f1 Be6c4
29.h4 Qd1a4
30.Bf1xc4 Qa4xc4
31.Kh2 Kg8
32.g4 Qc4a4
33.Qf2d2 Qa4b5
34.b4 Qb5f1
35.Qd2d8 Kh7
36.Qd8xc7 Qf1f2
{ nul }1/2-1/2

[Event "Défi( 20J+48H/c 20J Max )"]
[Site "www.echecsemail.com"]
[Date "2026.01.05"]
[Round "1"]
[White "Patau"]
[Black "Jeff75019"]
[WhiteElo "1670"]
[BlackElo "1440"]
[Result "1/2-1/2"]
1.e4 e5
2.Ng1f3 Nb8c6
3.Bf1c4 Ng8f6
4.Nf3g5 d5
5.exd5 Nf6xd5
6.Ng5xf7 Qd8h4
7.Bc4xd5 Nc6b4
8.Bd5b3 Bc8g4
9.g3 Qh4h3
10.f3 Bg4f5
11.Qd1e2 Bf8d6
12.d3 Kd7
13.Nf7xh8 Ra8xh8
14.Nb1c3 e4
15.dxe4 Bd6xg3
16.Kd1 Rh8f8
17.exf5 Rf8xf5
18.Bb3e6 Kd8
19.Be6xf5 Qh3xf5
20.hxg3 Qf5g6
21.a3 Nb4c6
22.Qe2d3 Kc8
23.Qd3xg6 hxg6
24.Bc1g5 Nc6d4
25.Rh1h8 Kd7
26.Rh8d8 { nul }1/2-1/2

[Event "Défi"]
[Site "www.echecsemail.com"]
[Date "2026.01.05"]
[Round "1"]
[White "Rocketman"]
[Black "Roquefort"]
[WhiteElo "2000"]
[BlackElo "1930"]
[Result "1-0"]
1.d4 Ng8f6
2.c4 c5
3.d5 e6
4.Nb1c3 exd5
5.cxd5 d6
6.e4 g6
7.f3 Bf8g7
8.Bf1c4 O-O
9.Bc1e3 Nb8a6
10.Qd1d2 Na6c7
11.Ng1e2 a6
12.a4 Ra8b8
13.a5 Bc8d7
14.Be3h6 Nc7b5
15.Bh6xg7 Kxg7
16.g4 h6
17.h4 Rf8h8
18.Ne2g3 Nb5d4
19.Kf2 b5
20.axb6 Qd8xb6
21.Nc3d1 Bd7b5
22.b3 Bb5xc4
23.bxc4 Qb6b3
24.Nd1e3 Rb8b6
25.Ra1a2 Rh8b8
26.Rh1a1 Nf6d7
27.Ng3e2 Nd4xe2
28.Kxe2 Nd7e5
29.Ra2c2 Qb3b4
30.Qd2c1 Qb4b3
31.Ra1a3 Qb3b4
32.f4 Ne5d7
33.h5 Nd7f6
34.hxg6 Nf6xe4
35.Ne3f5 Kxg6
36.Nf5e7 Kf6
37.Ne7c6 Rb6xc6
38.dxc6 Rb8e8
39.Kf3 d5
40.cxd5 Ne4d6
41.Qc1a1 Kg6
42.f5 Kg5
43.Qa1c1 Kf6
44.Qc1xh6 Ke5
45.Ra3e3 { abandon }1-0

[Event "Défi"]
[Site "www.echecsemail.com"]
[Date "2026.01.05"]
[Round "1"]
[White "Roger72"]
[Black "Prince"]
[WhiteElo "1280"]
[BlackElo "1810"]
[Result "0-1"]
1.e4 e5
2.Bf1c4 Ng8f6
3.d3 d6
4.Bc1g5 Bf8e7
5.Ng1f3 a6
6.Nb1c3 c6
7.a3 Nb8d7
8.O-O b5
9.Bc4a2 c5
10.Nc3e2 O-O
11.Nf3h4 h6
12.Bg5e3 Nf6g4
13.Ne2g3 Ng4xe3
14.fxe3 Be7xh4
15.Ng3f5 Bh4e7
16.Qd1f3 Nd7f6
17.Ba2d5 Nf6xd5
18.exd5 Bc8xf5
19.Qf3xf5 Qd8c8
20.Qf5e4 f5
21.Qe4f3 Be7g5
22.Ra1e1 f4
23.e4 Kh7
24.b3 Qc8d7
25.c4 Ra8b8
26.Rf1f2 Rf8f6
27.Qf3d1 Bg5h4
28.cxb5 Bh4xf2
29.Kxf2 axb5
30.Kg1 Qd7a7
31.Qd1c1 Rf6f8
32.d4 cxd4
{ abandon }0-1

[Event "Défi"]
[Site "www.echecsemail.com"]
[Date "2026.01.05"]
[Round "1"]
[White "Sylvia13"]
[Black "Cocola34"]
[WhiteElo "1580"]
[BlackElo "1640"]
[Result "1-0"]
1.e4 h5
2.Ng1f3 f6
3.Nb1c3 e5
4.Bf1c4 Ng8e7
5.d4 Nb8c6
6.Bc1d2 exd4
7.Nc3d5 Ne7xd5
8.Bc4xd5 a5
9.Qd1e2 b6
10.Qe2c4 Qd8e7
11.O-O g5
12.Bd5xc6 Ra8b8
13.Bc6d5 c5
14.c3 Bc8b7
15.cxd4 Bb7xd5
16.Qc4xd5 h4
17.e5 Bf8g7
18.exf6 Qe7xf6
19.Rf1e1 Kd8
20.Bd2xg5 Rh8f8
21.Bg5xf6 Bg7xf6
22.Qd5d6 Rf8f7
23.Qd6xb8 1-0

[Event "Défi( 10J+24H/c 10J Max )"]
[Site "www.echecsemail.com"]
[Date "2026.01.05"]
[Round "1"]
[White "Tiounet"]
[Black "Titit1"]
[WhiteElo "1670"]
[BlackElo "1490"]
[Result "1-0"]
1.a3 e5
2.b4 d5
3.Bc1b2 d4
4.Ng1f3 f6
5.g3 Nb8c6
6.Bf1g2 Bf8d6
7.O-O Ng8e7
8.d3 O-O
9.c3 dxc3
10.Nb1xc3 Bc8e6
11.Nc3b5 Ne7f5
12.Nb5xd6 Qd8xd6
13.Ra1c1 Ra8d8
14.Nf3d2 Be6d5
15.Bg2xd5 Qd6xd5
16.e4 Qd5b5
17.Nd2c4 Nc6d4
18.exf5 Qb5d5
19.Nc4e3 Qd5d7
20.Rc1c4 c6
21.Bb2xd4 exd4
22.Ne3c2 Qd7xf5
23.Nc2xd4 Qf5d5
24.Rf1e1 Rd8c8
25.Re1e7 b5
26.Rc4c5 Qd5xd4
27.Re7xa7 Rf8f7
28.Ra7a6 Qd4d7
29.Qd1f3 Rc8f8
30.Rc5xc6 Qd7d4
31.Qf3e3 Qd4a1
32.Kg2 Qa1b2
33.Qe3e6 Rf8d8
34.Rc6c7 Qb2d2
35.Qe6xf7 Kh8
36.Qf7xg7 1-0

[Event "Tournoi n27357"]
[Site "www.echecsemail.com"]
[Date "2026.01.05"]
[Round "1"]
[White "Ragg"]
[Black "Tiounet"]
[WhiteElo "1540"]
[BlackElo "1670"]
[Result "1-0"]
1.d4 b5
2.e4 Bc8b7
3.e5 g6
4.c4 bxc4
5.Ng1f3 Bf8g7
6.Bf1xc4 e6
7.h4 Ng8e7
8.Nf3g5 O-O
9.Qd1d3 Bb7xg2
10.Rh1h2 Bg2b7
11.h5 Ne7f5
12.hxg6 hxg6
13.Qd3h3 Rf8e8
14.Bc1d2 d5
15.Bc4b3 Nf5xd4
16.Bd2b4 Nb8c6
17.Qh3h7 1-0

[Event "5 octobre 2025"]
[Site "www.echecsemail.com"]
[Date "2026.01.05"]
[Round "1"]
[White "Kaelstrum"]
[Black "Kawa750"]
[WhiteElo "1400"]
[BlackElo "1780"]
[Result "1/2-1/2"]
1.e4 c5
2.Ng1f3 Nb8c6
3.d4 cxd4
4.Nf3xd4 e6
5.Nb1c3 Bf8b4
6.Nd4b5 d5
7.exd5 exd5
8.Bc1d2 a6
9.Nb5a3 Ng8f6
10.Bf1d3 O-O
11.O-O Bb4xa3
12.bxa3 Rf8e8
13.Bd2g5 Qd8d6
14.Qd1d2 Bc8e6
15.Bg5xf6 gxf6
16.Ra1b1 Nc6e5
17.Rb1xb7 Ne5xd3
18.Qd2xd3 Re8c8
19.Rf1e1 Qd6c6
20.Rb7b3 d4
21.Nc3e4 Be6xb3
22.axb3 Rc8e8
23.Qd3xd4 Kf8
24.c4 Re8e6
25.Re1e3 Ra8e8
26.Ne4c3 Qc6b7
27.b4 Re6xe3
28.fxe3 Qb7c6
29.Nc3d5 Re8e5
30.Nd5f4 Re5e4
31.Qd4d8 Kg7
32.Nf4h5 Kg6
33.Nh5f4 Kf5
34.Nf4e2 Qc6xc4
35.Ne2g3 Kg6
36.Qd8g8 Kh6
37.Qg8f8 Kg6
38.Qf8g8 Kh6
39.Qg8f8 Kg6
40.Qf8g8 1/2-1/2

[Event "Défi"]
[Site "www.echecsemail.com"]
[Date "2026.01.05"]
[Round "1"]
[White "Arno"]
[Black "Alain34"]
[WhiteElo "1770"]
[BlackElo "2100"]
[Result "1-0"]
1.d4 Ng8f6
2.Bc1f4 d5
3.e3 e6
4.Bf1d3 c5
5.c3 c4
6.Bd3c2 Bf8d6
7.Bf4g5 b5
8.Ng1f3 O-O
9.O-O Nb8d7
10.Nb1d2 a5
11.Ra1c1 Qd8c7
12.Bg5xf6 Nd7xf6
13.e4 dxe4
14.Nd2xe4 Nf6xe4
15.Bc2xe4 Ra8b8
16.h4 Bd6f4
17.Rc1c2 Rf8d8
18.Nf3g5 h6
19.Ng5h3 Bf4d6
20.Rc2d2 Qc7e7
21.Be4b1 Qe7xh4
22.Qd1c2 f5
23.Rd2e2 g5
24.d5 e5
25.f3 h5
26.Qc2d2 f4
27.Qd2c2 g4
28.Qc2g6 Kf8
29.Nh3g5 Rb8b7
30.Qg6h6 Ke8
31.Bb1g6 { abandon }1-0

[Event "Défi"]
[Site "www.echecsemail.com"]
[Date "2026.01.05"]
[Round "1"]
[White "Whisky"]
[Black "Turbo"]
[WhiteElo "1290"]
[BlackElo "1330"]
[Result "1-0"]
1.Ng1f3 d5
2.d4 h6
3.g3 a6
4.e3 Bc8g4
5.h3 Bg4xf3
6.Qd1xf3 g5
7.g4 e6
8.Bf1g2 Ng8f6
9.Nb1c3 Bf8d6
10.Bc1d2 b5
11.e4 dxe4
12.Nc3xe4 Nf6xe4
13.Qf3xe4 c6
14.h4 Bd6f4
15.Bd2xf4 gxf4
16.Qe4xf4 Ra8a7
17.Bg2e4 Ra7d7
18.O-O-O Ke7
19.c3 b4
20.g5 hxg5
21.Qf4xg5 f6
22.Qg5g7 Kd6
23.Qg7g3 Ke7
24.Qg3g7 Kd6
25.Qg7g3 Ke7
26.h5 Rh8h6
27.Qg3g7 Kd6
28.Qg7xh6 a5
29.Qh6f4 Ke7
30.h6 Qd8h8
31.cxb4 Kd8
32.Qf4xb8 { abandon }1-0

[Event "VIC LA GARDIOLE"]
[Site "www.echecsemail.com"]
[Date "2026.01.05"]
[Round "1"]
[White "Qsdmlk"]
[Black "Orosco"]
[WhiteElo "1550"]
[BlackElo "2280"]
[Result "0-1"]
1.e4 e5
2.Ng1f3 Nb8c6
3.Nb1c3 Ng8f6
4.d4 exd4
5.Nf3xd4 Bf8b4
6.Nd4xc6 bxc6
7.Bf1e2 O-O
8.O-O Bb4xc3
9.bxc3 Nf6xe4
10.Be2f3 Ne4xc3
11.Qd1d3 Nc3b5
12.c4 Nb5d6
13.Bc1a3 Bc8a6
14.Rf1e1 Ba6xc4
15.Qd3d4 Bc4e6
16.Ba3b2 Nd6f5
17.Bf3g4 Nf5xd4
18.Bg4h5 Nd4f5
19.Bb2a3 d6
20.Bh5f3 Be6d5
21.Bf3g4 Qd8g5
22.f3 Bd5e6
23.Ra1c1 c5
{ abandon }0-1

[Event "Tournoi n27295"]
[Site "www.echecsemail.com"]
[Date "2026.01.05"]
[Round "1"]
[White "Kaelstrum"]
[Black "Crocro34"]
[WhiteElo "1470"]
[BlackElo "1480"]
[Result "1-0"]
1.e4 e5
2.Ng1f3 Nb8c6
3.Bf1b5 g6
4.O-O a6
5.Bb5xc6 bxc6
6.Nf3xe5 Bf8c5
7.d4 Bc5d6
8.Ne5c4 a5
9.Nb1c3 Bc8a6
10.Nc4xd6 cxd6
11.Rf1e1 Ng8f6
12.Bc1g5 O-O
13.e5 dxe5
14.dxe5 Qd8b6
15.Bg5xf6 Rf8e8
16.Qd1g4 Qb6xb2
17.Qg4h3 Re8e6
18.Qh3h6 Re6xf6
19.exf6 Qb2xc3
20.Qh6g7 1-0

[Event "Tournoi n27243"]
[Site "www.echecsemail.com"]
[Date "2026.01.05"]
[Round "1"]
[White "Jlr"]
[Black "Aramis"]
[WhiteElo "1430"]
[BlackElo "1560"]
[Result "1-0"]
1.e4 e5
2.Bf1c4 c6
3.d3 Ng8f6
4.Bc1g5 Bf8e7
5.Nb1c3 O-O
6.h4 h6
7.Ng1h3 hxg5
8.hxg5 Nf6e8
9.Qd1h5 g6
10.Qh5f3 d6
11.O-O-O b5
12.Bc4b3 Ne8g7
13.Qf3g3 Ng7h5
14.Qg3f3 Bc8e6
15.g4 Be7xg5
16.Kb1 Nh5f4
17.Nh3xg5 Qd8xg5
18.Bb3xe6 fxe6
19.Rh1h2 Qg5f6
20.Rd1g1 Rf8f7
21.Rh2h6 Qf6g7
22.g5 Kf8
23.Rg1h1 Ke7
24.Rh6h7 Qg7xh7
25.Rh1xh7 Rf7xh7
26.b3 a6
27.Kb2 Nb8d7
28.a4 Ra8f8
29.axb5 axb5
30.Nc3e2 Nd7c5
31.b4 Nc5a4
32.Kb3 Rh7f7
33.c4 Rf8a8
34.Ne2xf4 exf4
35.c5 dxc5
36.e5 c4
37.dxc4 Ra8c8
38.c5 Rc8c7
39.Qf3e4 Rf7f5
40.Qe4h1 Rc7c8
41.Qh1h7 Rf5f7
42.Qh7xg6 Rc8d8
43.Qg6e4 Kd7
44.Qe4g6 Rd8f8
45.Qg6d3 Kc7
46.Qd3d6 Kb7
47.f3 Rf8c8
48.Qd6xe6 Rc8c7
49.g6 Rf7d7
50.Qe6f5 Na4b6
51.cxb6 Kxb6
52.Qf5xf4 Rd7d3
53.Kc2 Rc7d7
54.e6 Rd3d4
55.Qf4b8 Rd7b7
56.Qb8e5 Rd4d5
57.Qe5e3 c5
58.Qe3e4 Rd5d8
59.bxc5 Ka6
60.Kc3 Rb7c7
61.Qe4b4 Rd8f8
62.Qb4a3 Kb7
63.Kd4 Rf8f6
64.Ke5 Rf6xg6
65.Kf5 Rg6g7
66.Qa3c3 Kc6
67.Qc3f6 Kxc5
68.Qf6e5 Kb6
69.Kf6 Rg7h7
70.Qe5d6 Kb7
71.Qd6d5 Kb6
72.Qd5e5 Rc7e7
73.Qe5d6 Kb7
74.Qd6c5 Ka6
75.f4 Re7b7
76.Qc5d6 Ka5
77.f5 Rh7h6
78.Ke5 Rh6h7
79.Qd6a3 Kb6
80.Qa3e3 Ka6
81.f6 Rh7h5
82.Kd6 Rb7b6
83.Ke7 Rh5h7
84.f7 Rb6b7
85.Kf6 Rh7h8
86.Qe3a3 Kb6
87.Qa3d6 Ka5
88.Kg7 Rb7b8
89.Qd6c7 Kb4
90.Qc7d6 Ka5
91.e7 b4
92.f8Q Rh8xf8
93.exf8Q Rb8xf8
94.Qd6xf8 Ka4
95.Qf8e8 Ka3
96.Qe8a8 Kb3
97.Qa8d5 Ka3
98.Qd5a5 Kb3
99.Kf6 Kc3
100.Qa5c5 Kb3
101.Ke5 Ka3
102.Qc5a5 Kb3
103.Qa5d5 Kc3
104.Qd5d4 Kb3
105.Ke4 Ka3
106.Qd4c5 Kb3
107.Kd4 Ka4
108.Qc5a7 Kb3
109.Qa7f7 Ka3
110.Kd3 b3
111.Kc3 b2
112.Qf7b3 1-0

[Event "Noël 2025 n3"]
[Site "www.echecsemail.com"]
[Date "2026.01.05"]
[Round "1"]
[White "Patrick"]
[Black "Chesslife"]
[WhiteElo "1550"]
[BlackElo "1670"]
[Result "1-0"]
1.e4 c5
2.Bf1c4 e6
3.d3 d5
4.exd5 exd5
5.Qd1e2 Bf8e7
6.Bc4b3 Ng8f6
7.Bc1g5 O-O
8.Ng1f3 Bc8g4
9.Nb1d2 Bg4xf3
10.Nd2xf3 Nb8c6
11.c4 dxc4
12.Bb3xc4 a6
13.O-O b5
14.Bc4b3 a5
15.Bb3c2 Ra8c8
16.Ra1d1 Nc6d4
17.Qe2d2 Nd4xf3
18.gxf3 Nf6d5
19.d4 cxd4
20.Qd2d3 Be7xg5
21.Qd3xh7 1-0

[Event "Suisse Sep25 R6"]
[Site "www.echecsemail.com"]
[Date "2026.01.05"]
[Round "1"]
[White "Vangogh"]
[Black "Aperturaf"]
[WhiteElo "2260"]
[BlackElo "2830"]
[Result "0-1"]
1.c4 e6
2.Nb1c3 f5
3.d4 Ng8f6
4.e3 Bf8b4
5.Bc1d2 O-O
6.g3 b6
7.Bf1g2 c6
8.Ng1f3 a5
9.O-O Bc8a6
10.b3 b5
11.cxb5 cxb5
12.Nf3e5 Ra8a7
13.Nc3e2 Bb4d6
14.Rf1e1 b4
15.Bd2c1 Ra7c7
16.Bc1b2 Nf6e4
17.Ra1c1 Rc7xc1
18.Qd1xc1 Qd8c7
19.Qc1xc7 Bd6xc7
20.f3 Ne4f6
21.Ne2f4 Rf8c8
22.Re1c1 g5
23.Nf4d3 Nf6d5
24.Kf2 d6
25.Ne5c4 Nb8c6
26.Bg2f1 Kf7
27.Nd3e5 dxe5
28.Nc4xe5 Nc6xe5
29.Bf1xa6 Rc8a8
30.Ba6b5 Ra8b8
31.Bb5e2 Bc7b6
32.f4 gxf4
33.gxf4 Ne5g4
34.Be2xg4 fxg4
35.a3 bxa3
36.Bb2xa3 Bb6d8
37.Ba3d6 Rb8xb3
38.e4 Nd5c3
39.Bd6e5 Nc3xe4
40.Kg2 Ne4c3
41.d5 Nc3xd5
{ abandon }0-1

[Event "Défi( 10J+24H/c 10J Max )"]
[Site "www.echecsemail.com"]
[Date "2026.01.05"]
[Round "1"]
[White "Jeff75019"]
[Black "Patau"]
[WhiteElo "1440"]
[BlackElo "1670"]
[Result "1/2-1/2"]
1.e4 e5
2.Ng1f3 f5
3.Bf1c4 fxe4
4.Nf3xe5 d5
5.d3 dxc4
6.d4 Ng8f6
7.O-O Bf8d6
8.Ne5xc4 O-O
9.Bc1g5 Bd6xh2
10.Kxh2 Nf6g4
11.Kg1 Qd8xg5
12.f3 exf3
13.Rf1xf3 Bc8e6
14.Qd1f1 Rf8xf3
15.Qf1xf3 Qg5c1
16.Qf3f1 Qc1xf1
17.Kxf1 Be6xc4
18.Kg1 Nb8d7
19.Nb1a3 Bc4a6
20.Ra1e1 Ra8f8
21.Re1e2 Ba6xe2
{ nul }1/2-1/2